Kế toán thương mại dịch vụ và kinh doanh xuất nhập khẩu :
Nội dung sách gồm 15 chương, trình bày những kiến thức cơ bản về kế toán trong lĩnh vực thương mại, dịch vụ, kinh doanh xuất khẩu: kế toán vốn bằng tiền, kế toán các khoản phải thu, kế toán các khoản ứng trước, kế toán hàng tồn kho, ke...
محفوظ في:
| المؤلف الرئيسي: | |
|---|---|
| التنسيق: | كتاب |
| اللغة: | Undetermined |
| منشور في: |
Hà Nội
Thống kê
2006
|
| الموضوعات: | |
| الوسوم: |
إضافة وسم
لا توجد وسوم, كن أول من يضع وسما على هذه التسجيلة!
|
| Thư viện lưu trữ: | Trung tâm Học liệu Trường Đại học Cần Thơ |
|---|
| LEADER | 01332nam a2200229Ia 4500 | ||
|---|---|---|---|
| 001 | CTU_119064 | ||
| 008 | 210402s9999 xx 000 0 und d | ||
| 020 | |c 98500 | ||
| 082 | |a 657.7 | ||
| 082 | |b D513 | ||
| 100 | |a Phan, Đức Dũng | ||
| 245 | 0 | |a Kế toán thương mại dịch vụ và kinh doanh xuất nhập khẩu : | |
| 245 | 0 | |c Phan Đức Dũng | |
| 260 | |a Hà Nội | ||
| 260 | |b Thống kê | ||
| 260 | |c 2006 | ||
| 520 | |a Nội dung sách gồm 15 chương, trình bày những kiến thức cơ bản về kế toán trong lĩnh vực thương mại, dịch vụ, kinh doanh xuất khẩu: kế toán vốn bằng tiền, kế toán các khoản phải thu, kế toán các khoản ứng trước, kế toán hàng tồn kho, kế toán tài sản cố định, kế toán chênh lệch tỉ giá, kế toán các khoản phải trả, kế toán xuất nhập khẩu hàng hoá, kế toán nguồn vốn chủ sở hữu, kế toán kinh doanh dịch vụ | ||
| 650 | |a Business,Accounting,Kinh doanh,Kế toán | ||
| 650 | |x Accounting,Kế toán | ||
| 904 | |i Minh | ||
| 910 | |a Năm sửa PL thành 657.7 | ||
| 980 | |a Trung tâm Học liệu Trường Đại học Cần Thơ | ||